000 00701nam a2200241Ia 4500
003 OSt
005 20220927105311.0
006 a|||||r|||| 00| 0
007 ta
008 220926b |||||||| |||| 00| 0 eng d
024 _a168360
037 _cReference Collections
040 _aRTL
_cRTL
_beng
041 _2eng
_aeng
082 _a"Y49 (J) .275, M0"
100 _aDUTT R .C .
_9371520
245 0 _aPeasantry of bengal .Ed . by Narahari Kaviraj
260 _aCulcutta
_bManisha
_c1980
300 _a"Liii ,194p."
_ccm.
500 _aGlossary :P 189-90; Appendix :P152-88
942 _h"Y49 (J) .275, M0"
_cCC
999 _c691677
_d691677